00402nam a2200157Ia 4500008004100000082002100041100001900062245002900081250000600110260002400116300000800140600001900148630002900167700001900196730002900215151018s9999 xx 000 0 und d bRBASDV14144a823 aHasek Jawslav aThe Good roldier schwiwk b1 bPenguin Booksc1937 a242 aHasek Jawslav aThe Good roldier schwiwk aHasek Jawslav aThe Good roldier schwiwk